[Event "11th Asia-ch - Manny Pacquiao Cup"]
[Site "Manila PHI"]
[Date "2013.05.19"]
[Round "2"]
[White "Dimakiling, Oliver"]
[Black "Galmandakh, Badrakh"]
[Result "1-0"]
[WhiteElo "2384"]
[BlackElo "2212"]
[EventDate "2013.05.18"]
[PlyCount "121"]

1.c4 Nf6 2.Nc3 c5 3.Nf3 d6 4.e3 g6 5.d4 cxd4 6.exd4 Bg7 7.Be2 O-O 8.O-O a6
9.h3 d5 10.c5 b6 11.cxb6 Nbd7 12.Ne5 e6 13.Bf4 Nxb6 14.Rc1 Bd7 15.Qb3 Ne4 
16.Nxe4 dxe4 17.Nxd7 Nxd7 18.Bc7 Qg5 19.Rfd1 Nf6 20.Rc5 Nd5 21.Bc4 e3 22.
Bxd5 exf2+ 23.Kxf2 exd5 24.Rxd5 Qf6+ 25.Kg1 Rac8 26.Bg3 Rfd8 27.Be5 Qe6 
28.Rxd8+ Rxd8 29.Qxe6 fxe6 30.Bxg7 Kxg7 31.Kf2 Rc8 32.Ke3 Kf6 33.Kd3 Ke7 
34.b4 Kd6 35.a4 Rf8 36.b5 axb5 37.axb5 Ra8 38.Rb1 Kc7 39.Rb3 Kb6 40.Ke4 
Rd8 41.Ke5 Rd5+ 42.Kxe6 Rxd4 43.Kf6 Rd2 44.g4 Rd4 45.Kg7 Rd7+ 46.Kh6 Rb7 
47.Re3 Ra7 48.Re5 Rd7 49.g5 Ka5 50.Re8 Kxb5 51.Rh8 Kc5 52.Rxh7 Rd6 53.Rc7+
Kd5 54.Rg7 Ke5 55.Rxg6 Rd4 56.Kh5 Kf5 57.Rf6+ Ke5 58.h4 Ra4 59.Rf1 Ra8 60.
g6 Rh8+ 61.Kg5 1-0

[Event "11th Asia-ch - Manny Pacquiao Cup"]
[Site "Manila PHI"]
[Date "2013.05.19"]
[Round "2"]
[White "Donguines, Fernie"]
[Black "Polao, Ben"]
[Result "1-0"]
[WhiteElo "2372"]
[BlackElo "2083"]
[EventDate "2013.05.18"]
[PlyCount "64"]

1.d4 d5 2.Bf4 e6 3.e3 c5 4.c3 Nc6 5.Nf3 Nf6 6.Nbd2 Be7 7.h3 a6 8.a3 c4 9.
Ne5 Na5 10.g4 Nd7 11.Bg2 Nxe5 12.Bxe5 f6 13.Bg3 Bd7 14.e4 Bc6 15.e5 fxe5 
16.Bxe5 Bf6 17.Bg3 O-O 18.O-O Qe7 19.Nf3 g6 20.Qe2 Qf7 21.Rae1 Bd7 22.Qe3 
Nc6 23.Re2 a5 24.Rfe1 b5 25.Ng5 Bxg5 26.Qxg5 b4 27.Rxe6 Bxe6 28.Rxe6 bxa3 
29.bxa3 Nd8 30.Re7 h6 31.Qe3 Qf6 32.Bxd5+ Nf7 1-0

[Event "11th Asia-ch - Manny Pacquiao Cup"]
[Site "Manila PHI"]
[Date "2013.05.19"]
[Round "2"]
[White "Galindo, Joseph"]
[Black "Nouri, Hamed"]
[Result "0-1"]
[WhiteElo "2081"]
[BlackElo "2368"]
[EventDate "2013.05.18"]
[PlyCount "80"]

1.Nf3 c5 2.c4 Nc6 3.Nc3 g6 4.g3 Bg7 5.Bg2 d6 6.O-O Nf6 7.d4 cxd4 8.Nxd4 
Nxd4 9.Qxd4 O-O 10.Qh4 Be6 11.Bg5 Qa5 12.Rac1 Rac8 13.b3 Rc5 14.Bd2 Rh5 
15.Qf4 Bh6 16.Qd4 Bxd2 17.Qxd2 Bh3 18.Bf3 Bxf1 19.Bxh5 Qxh5 20.Rxf1 Rc8 
21.Kg2 a6 22.a4 Qc5 23.Qd3 h5 24.e4 e6 25.Rd1 Rc6 26.h3 Rb6 27.Ne2 Qe5 28.
f3 Qb2 29.Rb1 Qa2 30.Kg1 Nd7 31.Nc1 Qa3 32.Qe3 Nc5 33.Qg5 Nxa4 34.Qf6 Qc5+
35.Kg2 Qe3 36.Qf4 Qe1 37.Ra1 Nc3 38.c5 Rc6 39.b4 Nd1 40.Nb3 Ne3+ 0-1

[Event "11th Asia-ch - Manny Pacquiao Cup"]
[Site "Manila PHI"]
[Date "2013.05.19"]
[Round "2"]
[White "Nava, Roderick"]
[Black "Manuel Enofre, Efren"]
[Result "1-0"]
[WhiteElo "2362"]
[BlackElo "1974"]
[EventDate "2013.05.18"]
[PlyCount "107"]

1.d4 Nf6 2.Nf3 e6 3.c4 b6 4.g3 Bb7 5.Bg2 Bb4+ 6.Bd2 Bxd2+ 7.Nbxd2 O-O 8.
Qc2 Na6 9.O-O d5 10.a3 c5 11.dxc5 Nxc5 12.b4 Nce4 13.Nxe4 Nxe4 14.Nd2 Nf6 
15.Rac1 Rc8 16.Qa4 Bc6 17.b5 Bd7 18.Rfd1 a6 19.Qb4 axb5 20.cxb5 Rxc1 21.
Rxc1 Qb8 22.a4 Rc8 23.Rxc8+ Qxc8 24.Bf1 Qf8 25.Qd4 Qd6 26.f4 Ne8 27.e3 f6 
28.a5 bxa5 29.Qa7 Bc8 30.Nb3 a4 31.Qxa4 Qb6 32.Qd4 Qxd4 33.exd4 Kf7 34.Kf2
Ke7 35.Na5 Nd6 36.Bd3 h6 37.Ke3 Kd8 38.b6 Nb7 39.Nb3 Kd7 40.Bb5+ Kd6 41.
Kd2 Nd8 42.Kc3 g5 43.fxg5 fxg5 44.Na5 e5 45.Nb3 exd4+ 46.Kxd4 Ne6+ 47.Ke3 
Ke5 48.Bd7 d4+ 49.Kf2 Ba6 50.Bxe6 d3 51.Ke3 Kd6 52.Bf5 Kc6 53.b7 Kxb7 54.
Be4+ 1-0

[Event "11th Asia-ch - Manny Pacquiao Cup"]
[Site "Manila PHI"]
[Date "2013.05.19"]
[Round "2"]
[White "Senador, Emmanuel"]
[Black "Sarangani, Usman"]
[Result "0-1"]
[WhiteElo "2343"]
[BlackElo "1932"]
[EventDate "2013.05.18"]
[PlyCount "65"]

1.e4 c5 2.d4 cxd4 3.c3 Nf6 4.e5 Nd5 5.cxd4 e6 6.Nf3 Be7 7.Nc3 Qa5 8.Bd2 
Qb6 9.Bc4 Nxc3 10.bxc3 Qc7 11.Bd3 Nc6 12.O-O b6 13.c4 Bb7 14.Rc1 O-O 15.
Qe2 d6 16.Qe4 g6 17.exd6 Qxd6 18.Bf4 Qd7 19.Qe3 Rad8 20.Be4 Bf6 21.d5 Na5 
22.Rfd1 Qa4 23.Bc7 Rd7 24.Be5 Bxe5 25.Nxe5 Rc7 26.d6 Rc5 27.d7 Rxe5 28.
d8=Q Rxe4 29.Qh6 Re1+ 30.Rxe1 Rxd8 31.Qg5 Rc8 32.h4 Nxc4 33.h5 0-1

[Event "11th Asia-ch - Manny Pacquiao Cup"]
[Site "Manila PHI"]
[Date "2013.05.19"]
[Round "2"]
[White "Rudin, Hamdani"]
[Black "Pagente, Adelardo"]
[Result "1-0"]
[WhiteElo "2341"]
[BlackElo "1906"]
[EventDate "2013.05.18"]
[PlyCount "53"]

1.d4 d5 2.c4 e6 3.Nc3 Nf6 4.Nf3 Be7 5.Bg5 O-O 6.e3 b6 7.Rc1 Bb7 8.Bxf6 
Bxf6 9.cxd5 exd5 10.Bd3 c5 11.O-O c4 12.Bb1 a6 13.a4 Nc6 14.Nd2 Rc8 15.Qh5
g6 16.Qxd5 Na5 17.Qxd8 Rfxd8 18.Ba2 Re8 19.Rc2 Kg7 20.Rfc1 h5 21.h3 Be7 
22.Rd1 Bb4 23.Ndb1 f5 24.Rcc1 Red8 25.Na3 Bxa3 26.bxa3 Bc6 27.Rb1 1-0

[Event "11th Asia-ch - Manny Pacquiao Cup"]
[Site "Manila PHI"]
[Date "2013.05.20"]
[Round "3"]
[White "Nguyen Ngoc Truong Son"]
[Black "Al-Sayed, Mohamad Naser"]
[Result "0-1"]
[WhiteElo "2631"]
[BlackElo "2502"]
[EventDate "2013.05.18"]
[PlyCount "86"]

1.d4 d5 2.c4 c6 3.Nc3 Nf6 4.cxd5 cxd5 5.Bf4 Nc6 6.e3 a6 7.Bd3 Bg4 8.Nge2 
Bxe2 9.Qxe2 e6 10.O-O Be7 11.Rac1 O-O 12.Na4 Nd7 13.a3 Re8 14.b4 Bf8 15.
Rfd1 Rc8 16.Nc5 Nxc5 17.dxc5 Qf6 18.Bg3 g6 19.Qc2 h5 20.h3 Rcd8 21.Qc3 e5 
22.Re1 h4 23.Bh2 Bh6 24.Rb1 d4 25.Qc2 dxe3 26.fxe3 Rd7 27.Re2 Red8 28.Be4 
Qe6 29.Qc3 Rd1+ 30.Rxd1 Rxd1+ 31.Re1 Nd4 32.Kf1 Qf6+ 33.Bf4 Bxf4 34.exf4 
Qxf4+ 35.Bf3 Rxe1+ 36.Kxe1 Qg3+ 37.Kd2 Qf2+ 38.Kd1 e4 39.Bg4 f5 40.Qc4+ 
Kf8 41.Be2 Qxe2+ 42.Qxe2 Nxe2 43.Kxe2 f4 0-1

[Event "11th Asia-ch - Manny Pacquiao Cup"]
[Site "Manila PHI"]
[Date "2013.05.20"]
[Round "3"]
[White "Wang Chen"]
[Black "Sadorra, Julio Catalino"]
[Result "0-1"]
[WhiteElo "2498"]
[BlackElo "2561"]
[EventDate "2013.05.18"]
[PlyCount "60"]

1.e4 e6 2.Qe2 c5 3.Nf3 Nc6 4.g3 Nf6 5.Bg2 d5 6.e5 Nd7 7.O-O g5 8.h3 h5 9.
Re1 g4 10.hxg4 hxg4 11.Nh2 Ndxe5 12.Nxg4 Nxg4 13.Qxg4 e5 14.Qf3 Be6 15.d3 
Nd4 16.Qd1 Qf6 17.Be3 O-O-O 18.Bxd4 cxd4 19.Nd2 Kb8 20.Nf1 Bb4 21.Re2 Bg4 
22.f3 Bxf3 23.Bxf3 Qxf3 24.Rg2 Qf5 25.Nh2 e4 26.Qf1 Qe5 27.Qxf7 Rdf8 28.
Qd7 exd3 29.cxd3 Qe3+ 30.Kh1 Be1 0-1

[Event "11th Asia-ch - Manny Pacquiao Cup"]
[Site "Manila PHI"]
[Date "2013.05.20"]
[Round "3"]
[White "Li Chao"]
[Black "Emperado, Emmanuel"]
[Result "1-0"]
[WhiteElo "2686"]
[BlackElo "2313"]
[EventDate "2013.05.18"]
[PlyCount "62"]

1.d4 Nf6 2.c4 e6 3.g3 d5 4.Bg2 dxc4 5.Nf3 a6 6.O-O Nc6 7.Nc3 Rb8 8.Bg5 Be7
9.e4 O-O 10.Qe2 Nxd4 11.Nxd4 Qxd4 12.Rad1 Qc5 13.e5 Nd5 14.Ne4 Qb5 15.a4 
Qxa4 16.Bxe7 Nxe7 17.Rd4 Nf5 18.Rxc4 Qb5 19.Rd1 b6 20.Nc3 Qa5 21.b4 Qa3 
22.Rxc7 Qxb4 23.Qh5 Qa5 24.Ne4 Qxe5 25.Ng5 Nh6 26.Rxf7 Qc5 27.Rxf8+ Qxf8 
28.Be4 Bb7 29.Bxb7 g6 30.Qh3 Rxb7 31.Nxe6 Qf3 1-0

[Event "11th Asia-ch - Manny Pacquiao Cup"]
[Site "Manila PHI"]
[Date "2013.05.20"]
[Round "3"]
[White "Paragua, Mark"]
[Black "Goh Wei Ming, Kevin"]
[Result "1-0"]
[WhiteElo "2550"]
[BlackElo "2449"]
[EventDate "2013.05.18"]
[PlyCount "83"]

1.e4 e6 2.d4 d5 3.Nc3 Bb4 4.e5 c5 5.Qg4 Ne7 6.dxc5 Nbc6 7.Qxg7 Rg8 8.Qxh7 
d4 9.a3 Qa5 10.Rb1 dxc3 11.Be3 cxb2+ 12.axb4 Qxb4+ 13.Bd2 Qxc5 14.Qe4 b6 
15.Nf3 Bb7 16.Rxb2 O-O-O 17.Qe3 Qd5 18.c4 Qd7 19.c5 Nd5 20.Qa3 Rg4 21.cxb6
axb6 22.Bb5 Nc7 23.Be2 Nd4 24.Nxd4 Rxd4 25.Qc3 Qd5 26.f3 Kb8 27.Rc2 Rd7 
28.h4 Qxe5 29.Be3 Nb5 30.Bxb5 Qg3+ 31.Rf2 Rd1+ 32.Ke2 Rxh1 33.Bxd7 Ba6+ 
34.Kd2 Rxh4 35.f4 Rh5 36.Bd4 Qxc3+ 37.Kxc3 Kc7 38.Be8 Rh7 39.Bf6 Bb7 40.
Kd4 Kd6 41.Rb2 Kc7 42.Rc2+ 1-0

[Event "11th Asia-ch - Manny Pacquiao Cup"]
[Site "Manila PHI"]
[Date "2013.05.20"]
[Round "3"]
[White "Santosh Gujrathi, Vidit"]
[Black "Pascua, Haridas"]
[Result "1/2-1/2"]
[WhiteElo "2549"]
[BlackElo "2413"]
[EventDate "2013.05.18"]
[PlyCount "128"]

1.d4 Nf6 2.Nf3 g6 3.c4 Bg7 4.g3 O-O 5.Bg2 d6 6.Nc3 Nc6 7.O-O a6 8.Bf4 Rb8 
9.c5 Nh5 10.Be3 e5 11.cxd6 cxd6 12.dxe5 dxe5 13.Qxd8 Rxd8 14.Bb6 Re8 15.
Ng5 Nf6 16.Rfd1 Bf5 17.Nge4 Nxe4 18.Nxe4 Re7 19.Rd2 Bf8 20.g4 Be6 21.g5 h6
22.h4 Bf5 23.e3 Kg7 24.Rad1 Re6 25.Rd7 Re7 26.R7d2 Re6 27.Bc5 Bxe4 28.
Bxf8+ Kxf8 29.Bxe4 hxg5 30.hxg5 Ke8 31.Rd7 Nd8 32.R1d5 Rc8 33.Kg2 Rb6 34.
Rd2 Rb4 35.Bf3 Nc6 36.a3 Rb5 37.Be4 Na5 38.b4 Nc4 39.R2d3 Nb2 40.R3d6 Nc4 
41.Rd3 Nb2 42.R3d5 Rxd5 43.Rxd5 Nc4 44.a4 Ke7 45.Rc5 Rxc5 46.bxc5 b5 47.
axb5 axb5 48.Bd5 f6 49.gxf6+ Kxf6 50.Kf3 Nb2 51.Bb7 Ke6 52.Ke4 Na4 53.Bc8+
Ke7 54.Kd5 b4 55.Kc4 b3 56.Bb7 Nb2+ 57.Kxb3 Nd3 58.Kc4 Nxf2 59.Bf3 g5 60.
Kb5 g4 61.Bg2 Nd1 62.c6 Nxe3 63.c7 Kd7 64.Kb6 Nc4+ 1/2-1/2

[Event "11th Asia-ch - Manny Pacquiao Cup"]
[Site "Manila PHI"]
[Date "2013.05.20"]
[Round "3"]
[White "Bitoon, Richard"]
[Black "Arun Prasad, Subramanian"]
[Result "1-0"]
[WhiteElo "2403"]
[BlackElo "2521"]
[EventDate "2013.05.18"]
[PlyCount "127"]

1.e4 c5 2.Nf3 d6 3.d4 cxd4 4.Nxd4 Nf6 5.Bd3 e5 6.Ne2 d5 7.exd5 Qxd5 8.O-O 
Be6 9.Nbc3 Qd7 10.Bg5 Nc6 11.Qe1 O-O-O 12.Rd1 Qc7 13.a3 h6 14.Nb5 Qb8 15.
Bxf6 gxf6 16.Be4 Rxd1 17.Qxd1 f5 18.Bd5 a6 19.Nbc3 Qc7 20.Ng3 Nd4 21.Bxe6+
fxe6 22.Nce2 Nc6 23.c3 h5 24.Qb3 Rh6 25.Rd1 h4 26.Nf1 h3 27.gxh3 Qg7+ 28.
Kh1 Bc5 29.Ne3 Qe7 30.Qc2 Bxe3 31.fxe3 Rxh3 32.Qd2 Qh4 33.Ng1 Qe4+ 34.Qg2 
Rxe3 35.Qxe4 Rxe4 36.Rd6 Nd8 37.h3 Kc7 38.Rd2 Nf7 39.Rg2 Nd6 40.Nf3 Re3 
41.Ng5 Kd7 42.h4 Ke7 43.h5 Ne4 44.Kh2 Nxg5 45.Rxg5 Rd3 46.h6 Rd8 47.Rg7+ 
Kf6 48.Rxb7 Rh8 49.h7 e4 50.Kg3 e5 51.c4 f4+ 52.Kg4 e3 53.Kf3 e4+ 54.Ke2 
Ke6 55.c5 Rf8 56.Rb6+ Ke5 57.Rh6 Kd4 58.h8=Q+ Rxh8 59.Rxh8 f3+ 60.Ke1 Kxc5
61.b4+ Kc4 62.Re8 Kd3 63.a4 e2 64.Kf2 1-0

[Event "11th Asia-ch - Manny Pacquiao Cup"]
[Site "Manila PHI"]
[Date "2013.05.20"]
[Round "3"]
[White "Turqueza, Mari Joseph"]
[Black "Wan Yunguo"]
[Result "0-1"]
[WhiteElo "2280"]
[BlackElo "2509"]
[EventDate "2013.05.18"]
[PlyCount "98"]

1.d4 Nf6 2.c4 g6 3.Nc3 d5 4.Nf3 Bg7 5.Qb3 dxc4 6.Qxc4 O-O 7.e4 a6 8.e5 b5 
9.Qb3 Nfd7 10.Ng5 Nb6 11.Be3 Nc6 12.Rd1 Na5 13.Qb4 Nac4 14.Be2 Nxe3 15.
fxe3 Bh6 16.h4 f6 17.Qb3+ Kg7 18.Ne6+ Bxe6 19.Qxe6 Rf7 20.h5 Qc8 21.Qb3 
Nc4 22.hxg6 hxg6 23.Bxc4 bxc4 24.Qxc4 Rf8 25.e6 Bxe3 26.Nd5 Qxe6 27.Qe2 
Qxd5 28.Qxe3 Qxg2 29.Qxe7+ Rf7 30.Rh7+ Kxh7 31.Qxf7+ Kh6 32.Rd2 Qh1+ 33.
Ke2 Kg5 34.Qe6 Rh8 35.Kd3 Qh3+ 36.Qxh3 Rxh3+ 37.Ke4 f5+ 38.Kd5 f4 39.Rc2 
Rh7 40.Ke4 Re7+ 41.Kf3 Re3+ 42.Kf2 Rd3 43.Rxc7 Kg4 44.Rc6 g5 45.Rxa6 Rxd4 
46.Re6 Rd2+ 47.Re2 Rxe2+ 48.Kxe2 Kg3 49.Kf1 Kh2 0-1

[Event "11th Asia-ch - Manny Pacquiao Cup"]
[Site "Manila PHI"]
[Date "2013.05.20"]
[Round "3"]
[White "Laylo, Darwin"]
[Black "Garma, Chito"]
[Result "1-0"]
[WhiteElo "2504"]
[BlackElo "2318"]
[EventDate "2013.05.18"]
[PlyCount "89"]

1.d4 Nf6 2.Nf3 e6 3.c4 Bb4+ 4.Nbd2 b6 5.a3 Bxd2+ 6.Qxd2 O-O 7.g3 Bb7 8.Bg2
d6 9.O-O Nbd7 10.b3 a5 11.Bb2 Re8 12.Rfd1 Be4 13.Qc3 Qc8 14.Bf1 Qb7 15.Nd2
Bg6 16.Bg2 d5 17.Rac1 c6 18.Re1 c5 19.cxd5 exd5 20.Nc4 Qa6 21.Ne3 Be4 22.
f3 cxd4 23.Qxd4 Nc5 24.fxe4 Nxb3 25.Qd3 Nxc1 26.Qxa6 Rxa6 27.Rxc1 dxe4 28.
Bxf6 gxf6 29.Nd5 b5 30.Nc7 Rc8 31.Bh3 Raa8 32.Bxc8 Rxc8 33.Rc5 b4 34.axb4 
axb4 35.Na6 Rxc5 36.Nxc5 f5 37.Kf2 Kg7 38.Ke3 Kf6 39.Kf4 Kg6 40.Nb3 Kf6 
41.Nd4 Kg6 42.h4 h6 43.h5+ Kxh5 44.Kxf5 f6 45.Ne6 1-0

[Event "11th Asia-ch - Manny Pacquiao Cup"]
[Site "Manila PHI"]
[Date "2013.05.20"]
[Round "3"]
[White "Lalith Babu, Musunuri Rohit"]
[Black "Dimakiling, Oliver"]
[Result "1-0"]
[WhiteElo "2572"]
[BlackElo "2384"]
[EventDate "2013.05.18"]
[PlyCount "69"]

1.d4 Nf6 2.c4 d6 3.Nf3 Bg4 4.g3 Bxf3 5.exf3 c6 6.Bg2 g6 7.Nc3 Bg7 8.f4 O-O
9.O-O Nbd7 10.d5 cxd5 11.cxd5 Rc8 12.Re1 Nb6 13.Rb1 a6 14.Qd3 Nfd7 15.Qe2 
Re8 16.h4 Nf6 17.Be3 Nc4 18.Bd4 b5 19.Bh3 Rb8 20.Rbd1 Nb6 21.a3 Qc7 22.f5 
Qc4 23.Qf3 b4 24.Bxf6 bxc3 25.Bxc3 Bxc3 26.bxc3 Na4 27.fxg6 fxg6 28.Be6+ 
Kh8 29.Bf7 Rf8 30.Rxe7 Qxc3 31.Qf4 Nb2 32.Rd4 Rxf7 33.Qxf7 Qc1+ 34.Kg2 Qh6
35.Rb4 1-0

[Event "11th Asia-ch - Manny Pacquiao Cup"]
[Site "Manila PHI"]
[Date "2013.05.20"]
[Round "3"]
[White "Abelgas, Roel"]
[Black "Ghaem Maghami, Ehsan"]
[Result "1/2-1/2"]
[WhiteElo "2269"]
[BlackElo "2568"]
[EventDate "2013.05.18"]
[PlyCount "119"]

1.d4 Nf6 2.c4 e6 3.Nf3 d5 4.cxd5 exd5 5.Bg5 c6 6.Qc2 Qa5+ 7.Bd2 Qc7 8.Nc3 
Bd6 9.Bg5 Nbd7 10.e3 O-O 11.Bd3 Re8 12.O-O h6 13.Bh4 Ng4 14.Bg3 Bxg3 15.
hxg3 Ndf6 16.b4 a6 17.a4 Qe7 18.Rab1 Ne4 19.Bxe4 dxe4 20.Nh2 h5 21.Ne2 
Nxh2 22.Kxh2 Bg4 23.Nf4 Rad8 24.Qc5 g5 25.Nh3 Rd5 26.Qxe7 Rxe7 27.Rfc1 f6 
28.Ng1 Kf7 29.Rc5 Ke6 30.Rbc1 Kd6 31.R1c3 Bd1 32.a5 Re8 33.Rc1 Bg4 34.Re1 
Kc7 35.Rec1 Rd6 36.R1c3 Rb8 37.f3 exf3 38.Nxf3 b6 39.axb6+ Rxb6 40.Nd2 
Rxb4 41.Ra5 Kb6 42.Rca3 Bc8 43.Ne4 Rd5 44.Nc5 Rb5 45.R5a4 Rdxc5 46.dxc5+ 
Rxc5 47.Rd4 Kc7 48.Re4 a5 49.Re7+ Kb6 50.e4 Re5 51.Rb3+ Kc5 52.Ra7 Kd4 53.
Rf3 Kxe4 54.Rxf6 Be6 55.Rf1 Bd5 56.Rxa5 Kd4 57.Rf2 Kc3 58.Rc5+ Kd4 59.Rc1 
Re4 60.Rcc2 1/2-1/2

[Event "11th Asia-ch - Manny Pacquiao Cup"]
[Site "Manila PHI"]
[Date "2013.05.20"]
[Round "3"]
[White "Nadera, Barlo"]
[Black "Antonio, Rogelio jr"]
[Result "0-1"]
[WhiteElo "2388"]
[BlackElo "2539"]
[EventDate "2013.05.18"]
[PlyCount "70"]

1.d4 e6 2.Nf3 c5 3.e3 d5 4.b3 Nf6 5.Bb2 Nc6 6.Be2 cxd4 7.exd4 Bb4+ 8.c3 
Bd6 9.O-O O-O 10.Nbd2 Ne4 11.Re1 f5 12.Nf1 Bd7 13.a3 Qb6 14.Ra2 Na5 15.b4 
Nc4 16.Bxc4 dxc4 17.N1d2 Qc7 18.h3 Bc6 19.Qe2 Bd5 20.Nxe4 fxe4 21.Ng5 e3 
22.fxe3 Bh2+ 23.Kh1 Bg3 24.e4 Bxe1 25.exd5 exd5 26.Ra1 Rae8 27.Ne6 Qd6 28.
Rxe1 Rf6 29.Qh5 Rexe6 30.Rg1 g6 31.Qg5 Rf5 32.Qg4 Re4 33.Qd1 Rf2 34.Bc1 
Qg3 35.Qa4 Rxg2 0-1

[Event "11th Asia-ch - Manny Pacquiao Cup"]
[Site "Manila PHI"]
[Date "2013.05.20"]
[Round "3"]
[White "Megaranto, Susanto"]
[Black "Nava, Roderick"]
[Result "0-1"]
[WhiteElo "2531"]
[BlackElo "2362"]
[EventDate "2013.05.18"]
[PlyCount "108"]

1.d4 d5 2.Nf3 Nf6 3.c4 c6 4.Nc3 a6 5.c5 g6 6.h3 Bg7 7.Bf4 O-O 8.e3 Nfd7 9.
Be2 e5 10.Nxe5 Nxe5 11.Bxe5 Bxe5 12.dxe5 Nd7 13.Qd4 Qe7 14.Na4 Re8 15.
O-O-O Qxe5 16.Qxe5 Rxe5 17.Rd4 Nf6 18.Rb4 Re4 19.Rxe4 Nxe4 20.f3 Ng3 21.
Re1 Be6 22.Bd3 d4 23.exd4 Rd8 24.b3 Rxd4 25.Kc2 Kf8 26.Kc3 Rd8 27.Nb6 Nh5 
28.Re4 Bf5 29.Rd4 Rxd4 30.Kxd4 Bxd3 31.Kxd3 Nf4+ 32.Ke4 Nxg2 33.Nc8 f5+ 
34.Kd4 Nf4 35.h4 Ng2 36.h5 gxh5 37.Nd6 f4 38.Nxb7 h4 39.Nd6 Ne1 40.Ne4 
Nxf3+ 41.Kd3 Ne5+ 42.Ke2 Ke7 43.Kf2 Ke6 44.Kg2 Kd5 45.Nf2 Kd4 46.Nh3 Ke3 
47.b4 f3+ 48.Kf1 Nd3 49.a3 h6 50.Ng1 Nf4 51.a4 f2 52.Nh3 Nxh3 53.b5 Kf3 
54.bxc6 Nf4 0-1

[Event "11th Asia-ch - Manny Pacquiao Cup"]
[Site "Manila PHI"]
[Date "2013.05.20"]
[Round "3"]
[White "Firmansyah, Farid"]
[Black "Gundavaa, Bayarsaihan"]
[Result "1/2-1/2"]
[WhiteElo "2369"]
[BlackElo "2528"]
[EventDate "2013.05.18"]
[PlyCount "60"]

1.d4 Nf6 2.c4 e6 3.Nc3 Bb4 4.e3 O-O 5.Bd3 d5 6.Ne2 c5 7.cxd5 cxd4 8.exd4 
Nxd5 9.O-O Nc6 10.Nxd5 Qxd5 11.Be3 Qh5 12.h3 Rd8 13.a3 Bd6 14.Qc2 Bd7 15.
Ng3 Bxg3 16.fxg3 Be8 17.Rf4 h6 18.Qf2 Ne7 19.Rf1 f5 20.g4 Qg6 21.gxf5 exf5
22.Bxf5 Nxf5 23.Rxf5 Bc6 24.Rf4 h5 25.Rf5 Rd5 26.Qc2 Kh7 27.R1f2 Re8 28.
Rxd5 Bxd5 29.Qxg6+ Kxg6 30.Bf4 Re1+ 1/2-1/2

[Event "11th Asia-ch - Manny Pacquiao Cup"]
[Site "Manila PHI"]
[Date "2013.05.20"]
[Round "3"]
[White "Gopal, Geetha Narayanan"]
[Black "Bai Jinshi"]
[Result "1-0"]
[WhiteElo "2526"]
[BlackElo "2369"]
[EventDate "2013.05.18"]
[PlyCount "59"]

1.e4 e5 2.Nf3 Nc6 3.Bb5 a6 4.Ba4 Nf6 5.d3 b5 6.Bb3 Be7 7.O-O O-O 8.a4 Rb8 
9.Re1 d6 10.axb5 axb5 11.Nbd2 Be6 12.c3 Bxb3 13.Nxb3 Qd7 14.d4 Ra8 15.Bg5 
h6 16.Bh4 Rxa1 17.Nxa1 Re8 18.Nc2 Nh5 19.d5 Na5 20.Nxe5 dxe5 21.Bxe7 Nf4 
22.Bh4 Nc4 23.b3 Nb2 24.Qf3 f5 25.Nb4 Rf8 26.Bg3 Ng6 27.exf5 Qxf5 28.Qxf5 
Rxf5 29.Rb1 h5 30.h4 1-0

[Event "11th Asia-ch - Manny Pacquiao Cup"]
[Site "Manila PHI"]
[Date "2013.05.20"]
[Round "3"]
[White "Sarangani, Usman"]
[Black "Djao Thien Hai"]
[Result "0-1"]
[WhiteElo "1932"]
[BlackElo "2506"]
[EventDate "2013.05.18"]
[PlyCount "106"]

1.c4 e5 2.Nc3 Nf6 3.Nf3 Nc6 4.d3 h6 5.g3 Bc5 6.Bg2 d6 7.O-O a6 8.a3 O-O 9.
b4 Ba7 10.Rb1 Re8 11.Qc2 Bg4 12.Be3 Qd7 13.Rfc1 Bxe3 14.fxe3 Ne7 15.e4 c6 
16.Rf1 Ng6 17.Nd1 d5 18.cxd5 cxd5 19.exd5 Nxd5 20.e4 Rac8 21.Qa2 Bxf3 22.
Rxf3 Nc3 23.Nxc3 Qd4+ 24.Qf2 Qxf2+ 25.Kxf2 Rxc3 26.a4 Rd8 27.Bf1 Nf8 28.
Bh3 Nh7 29.Bf1 Ng5 30.Rf5 f6 31.Ke3 Rd4 32.Rxg5 hxg5 33.a5 Ra3 34.Be2 Ra4 
35.Rc1 Raxb4 36.Rc8+ Kh7 37.Bg4 Rb3 38.Be2 b6 39.axb6 Rxb6 40.Ra8 Rdd6 41.
h4 gxh4 42.gxh4 Rb3 43.h5 Ra3 44.Ra7 a5 45.Ra8 a4 46.Ra7 Rd8 47.Bf1 Kh6 
48.Be2 Ra1 49.Ra6 a3 50.Ra7 a2 51.Ra3 Rb8 52.Ra7 Rb2 53.Ra8 Re1 0-1

[Event "11th Asia-ch - Manny Pacquiao Cup"]
[Site "Manila PHI"]
[Date "2013.05.20"]
[Round "3"]
[White "Nolte, Rolando"]
[Black "Bilguun, Sumiya"]
[Result "1/2-1/2"]
[WhiteElo "2453"]
[BlackElo "2269"]
[EventDate "2013.05.18"]
[PlyCount "104"]

1.e4 c5 2.Nf3 e6 3.d4 cxd4 4.Nxd4 a6 5.Nc3 Qc7 6.Bd3 Nf6 7.O-O Bc5 8.Be3 
d6 9.Qe2 O-O 10.Na4 Ba7 11.c4 Nbd7 12.Rac1 Ne5 13.h3 Bd7 14.Nc3 Rfc8 15.b3
Qa5 16.Bb1 Ng6 17.Nf3 b5 18.Bxa7 Rxa7 19.e5 Nxe5 20.Nxe5 dxe5 21.Qxe5 Qc7 
22.Qd4 Qc5 23.Qh4 b4 24.Ne4 Nxe4 25.Bxe4 g6 26.Qf6 Be8 27.Rfd1 Qe7 28.Qxe7
Rxe7 29.Rd6 Ra7 30.Rb6 a5 31.c5 Kf8 32.c6 Rac7 33.Rc5 f5 34.Bf3 Ke7 35.
Rxa5 Bxc6 36.Bxc6 Rxc6 37.Ra7+ Kf6 38.Rxc6 Rxc6 39.Rxh7 Rc1+ 40.Kh2 Rc2 
41.f4 Rxa2 42.Rb7 g5 43.Rxb4 gxf4 44.Rxf4 e5 45.Rc4 f4 46.Kg1 Rb2 47.b4 
Kf5 48.Kf1 Ke6 49.Rc3 Rxb4 50.g3 Kf5 51.gxf4 exf4 52.h4 Kg4 1/2-1/2

[Event "11th Asia-ch - Manny Pacquiao Cup"]
[Site "Manila PHI"]
[Date "2013.05.20"]
[Round "3"]
[White "Nguyen Van Huy"]
[Black "Ervan, Mohamad"]
[Result "0-1"]
[WhiteElo "2443"]
[BlackElo "2162"]
[EventDate "2013.05.18"]
[PlyCount "94"]

1.d4 Nf6 2.Nf3 e6 3.g3 b5 4.Qd3 a6 5.e4 Bb7 6.e5 Nd5 7.Bg2 Nb6 8.O-O Be7 
9.Nbd2 d6 10.Ne4 N8d7 11.h4 h6 12.Rd1 Qc8 13.Bf4 Nd5 14.Qd2 dxe5 15.Nxe5 
Nxe5 16.Bxe5 O-O 17.Rac1 Nb6 18.b3 Rd8 19.Qa5 Bd5 20.Nc5 Bxg2 21.Kxg2 f6 
22.Bf4 e5 23.Qe1 exf4 24.Qe6+ Qxe6 25.Nxe6 Ba3 26.Rb1 Nd5 27.Nxd8 Rxd8 28.
Rd3 fxg3 29.fxg3 b4 30.Re1 Kf7 31.Kf3 h5 32.g4 hxg4+ 33.Kxg4 Bb2 34.h5 Bc3
35.Rh1 Re8 36.Kf3 Re6 37.h6 gxh6 38.Rxh6 Re1 39.Rh8 Ra1 40.Ke4 Ne7 41.Re3 
f5+ 42.Kf3 Nc6 43.Rh7+ Kg6 44.Rxc7 Nxd4+ 45.Kg3 Rg1+ 46.Kh3 f4 47.Ree7 
Rg3+ 0-1

[Event "11th Asia-ch - Manny Pacquiao Cup"]
[Site "Manila PHI"]
[Date "2013.05.20"]
[Round "3"]
[White "Nezad, Husein Aziz"]
[Black "Nazario, Marc Christian"]
[Result "1-0"]
[WhiteElo "2410"]
[BlackElo "2023"]
[EventDate "2013.05.18"]
[PlyCount "59"]

1.d4 Nf6 2.c4 d6 3.Nc3 Bf5 4.g3 c6 5.Bg2 e5 6.e4 Bg4 7.Nge2 Qc8 8.h3 Bxe2 
9.Nxe2 Nbd7 10.O-O Be7 11.b3 O-O 12.Bb2 Re8 13.g4 h6 14.Ng3 Bf8 15.f4 exf4
16.Rxf4 Qc7 17.h4 d5 18.e5 dxc4 19.bxc4 Rad8 20.Qb3 Nh7 21.c5 Nb8 22.Raf1 
Rd7 23.Ne4 Ree7 24.Nd6 g5 25.Rf5 gxh4 26.Nxf7 Rxf7 27.e6 Rxf5 28.exd7+ Rd5
29.Bxd5+ Kh8 30.Be6 1-0

[Event "11th Asia-ch - Manny Pacquiao Cup"]
[Site "Manila PHI"]
[Date "2013.05.20"]
[Round "3"]
[White "Barbosa, Oliver"]
[Black "Dela Cruz, Noel"]
[Result "1-0"]
[WhiteElo "2566"]
[BlackElo "2331"]
[EventDate "2013.05.18"]
[PlyCount "107"]

1.Nf3 Nf6 2.c4 g6 3.Nc3 d5 4.cxd5 Nxd5 5.Qb3 Nb6 6.d4 Bg7 7.e4 O-O 8.Be3 
Bg4 9.O-O-O a5 10.h3 a4 11.Qa3 Bxf3 12.gxf3 Nc6 13.Nb5 e6 14.h4 h5 15.f4 
Re8 16.Qc3 Bf8 17.Kb1 a3 18.b3 Bg7 19.Be2 Qd7 20.Rhg1 Rec8 21.Qc5 Ra5 22.
Qc3 Raa8 23.Qc1 Ne7 24.Nxa3 Ra5 25.Rg5 Rxg5 26.fxg5 Ra8 27.Nc2 Nbc8 28.Bf4
Nd6 29.Qe3 Qc6 30.f3 Qb6 31.Qc3 Nc6 32.Be3 Qa7 33.a4 Qb8 34.Bf4 Qa7 35.Bc1
Rc8 36.Bb2 Ne7 37.Qe3 Qa5 38.Ne1 Qa7 39.Qc1 Qb6 40.Qc3 Qa7 41.Qc5 Qb8 42.
Nd3 b6 43.Qc2 Nb7 44.Ne5 Rd8 45.Bb5 c5 46.Nd7 Qf4 47.dxc5 Bxb2 48.c6 Nxc6 
49.Bxc6 Rc8 50.Kxb2 Na5 51.Qc3 Qc7 52.Nf6+ Kf8 53.Qb4+ Kg7 54.Ne8+ 1-0

[Event "11th Asia-ch - Manny Pacquiao Cup"]
[Site "Manila PHI"]
[Date "2013.05.20"]
[Round "3"]
[White "Garcia, Jan Emmanuel"]
[Black "Bersamina, Paulo"]
[Result "1/2-1/2"]
[WhiteElo "2401"]
[BlackElo "2283"]
[EventDate "2013.05.18"]
[PlyCount "89"]

1.d4 Nf6 2.c4 g6 3.Nc3 Bg7 4.g3 O-O 5.Bg2 d6 6.Nf3 c6 7.O-O Qa5 8.e4 Bg4 
9.h3 Bxf3 10.Bxf3 e5 11.Be3 Nbd7 12.Qd2 exd4 13.Bxd4 Nc5 14.Rad1 Ne6 15.
Bxf6 Bxf6 16.Nd5 Qd8 17.Nxf6+ Qxf6 18.Bg2 Rad8 19.f4 c5 20.Rde1 b6 21.Qc1 
Nd4 22.e5 Qg7 23.Bd5 Kh8 24.Kg2 f6 25.exf6 Qxf6 26.Re4 Rde8 27.Rfe1 Qd8 
28.Qe3 Rxe4 29.Qxe4 g5 30.Qe7 gxf4 31.gxf4 Nf5 32.Qxd8 Rxd8 33.Kf3 Kg7 34.
Kg4 Rf8 35.Re6 Nh6+ 36.Kf3 Nf5 37.Re1 Nd4+ 38.Kg4 Kf6 39.Kh5 a6 40.a4 a5 
41.Kh6 Rh8 42.Kh5 Rf8 43.Kh6 Rh8 44.Kh5 Rf8 45.Kh6 1/2-1/2